[Event "Pamplona IRT blitz op"]
[Site "Pamplona"]
[Date "2012.11.04"]
[Round "14.12"]
[White "Castaneda, Jorge Luis"]
[Black "Diaz, Ricardo"]
[Result "1-0"]
[WhiteElo "2182"]
[BlackElo "2219"]
[PlyCount "71"]
[EventDate "2012.11.04"]
[EventType "swiss (blitz)"]
[EventRounds "18"]
[EventCountry "COL"]
[SourceTitle "EXT 2024"]
[Source "ChessBase"]
[SourceDate "2023.10.10"]
[SourceVersion "1"]
[SourceVersionDate "2023.10.10"]
[SourceQuality "1"]

1. c4 e6 2. d4 Nf6 3. Nc3 Bb4 4. e3 0-0 5. Bd3 d5 6. Nf3 c5 7. 0-0 cxd4 8. exd4 dxc4 9. Bxc4 Nc6 10. a3 Bxc3 11. bxc3 Qa5 12. Qd3 e5 13. dxe5 Nxe5 14. Nxe5 Qxe5 15. h3 Bf5 16. Qd4 Qa5 17. Bg5 Ne4 18. Bh4 Qxc3 19. Qxc3 Nxc3 20. Rac1 Ne4 21. Bd5 Rab8 22. Rc7 b5 23. g4 Bg6 24. f4 Nd2 25. Rd1 Nc4 26. f5 Nxa3 27. fxg6 hxg6 28. Be7 b4 29. Bxf8 Rxf8 30. Rf1 Nb5 31. Rcxf7 Rxf7 32. Rxf7 Nc3 33. Rd7+ Nxd5 34. Rxd5 a6 35. Ra5 b3 36. Rxa6 1-0